000
00305nam a2200121Ia 4500
008
241002s9999 xx 000 0 und d
082
_a
801 HUD
100
_a
Hudson, William Henry
245
3
_a
An Introduction to the Study of Literature
260
_a
London:
_c
1954
600
_a
Literature
942
_c
UC
999
_c
18719
_d
18719